Представление документа в формате RUSMARC

ПолеНазваниеЗначение
  Тип записи c
  Библиографический уровень m
001 Контрольный номер RU/УОНБ/EK_N/322860912
005 Дата корректировки 20250520122633.2
100 Данные общей обработки __
a Данные общей обработки 19950913d1986 u u0rusy0103 ba
101 Язык документа 0_
a Язык текста rus
200 Заглавие и сведения об ответственности 1_
a Заглавие Хрестоматия баяниста
f Первые сведения об ответственности Сост. А. Онегин
210 Выходные данные 1_
a Место издания Москва
c Издательство Музыка
d Дата издания 1986
215 Физическое описание __
a Объем 78 с.
d Формат 29 см
225 Серия 1_
a Серия Педагогический репертуар музыкальных училищ
e Сведения, относящиеся к заглавию серии 3 курс
686 Индексы других классификаций __
a Классификационный индекс 85.954.693
2 Код системы rubbk
702 Вторичная интеллектуальная ответственность _1
a Фамилия Онегин
b Имя (инициалы) А.
4 Код отношения 220
801 Источник записи _0
a Страна RU
b Организация Ульяновская государственная областная научная библиотека им.В.И.Ленина
c Дата составления 19950913
g Правила каталогизации PSBO
801 Источник записи _1
a Страна RU
b Организация Ульяновская государственная областная научная библиотека им.В.И.Ленина
c Дата составления 19950913
901 Тип документа __
t Тип документа m
938 Служебная информация __
a Имя БД noti
b Имя библиотеки УОНБ
c Имя АИБС МАРК-SQL
d Номер DOC_ID в БД 2634